[Event "April 9 Late 2024"]
[Site "Chess.com"]
[Date "2024.04.09"]
[Round "10"]
[White "Montano Vicente, Guadalupe"]
[Black "Gruca, Miroslav"]
[Result "1-0"]
[Board "105"]
[WhiteFideId "5181399"]
[BlackFideId "14905906"]
[BlackTitle "CM"]
[WhiteElo "2280"]
[BlackElo "2225"]
[WhiteTeam "MEX"]
[BlackTeam "SVK"]
[WhiteClock "0:00:21"]
[BlackClock "0:00:00"]
[Variant "Standard"]

1. d4 {[%clk 0:03:00]}  d5 {[%clk 0:02:47]} 2. c4 {[%clk 0:02:59]}  e6 {[%clk 0:02:47]} 3. Nc3 {[%clk 0:02:57]}  c6 {[%clk 0:02:46]} 4. cxd5 {[%clk 0:02:54]}  exd5 {[%clk 0:02:46]} 5. Qc2 {[%clk 0:02:53]}  Ne7 {[%clk 0:02:45]} 6. Bf4 {[%clk 0:02:49]}  Bf5 {[%clk 0:02:44]} 7. Qd2 {[%clk 0:02:46]}  Nd7 {[%clk 0:02:40]} 8. h3 {[%clk 0:02:45]}  Qb6 {[%clk 0:02:37]} 9. g4 {[%clk 0:02:41]}  Be6 {[%clk 0:02:28]} 10. e3 {[%clk 0:02:39]}  Ng6 {[%clk 0:02:22]} 11. Bg3 {[%clk 0:02:37]}  Nf6 {[%clk 0:02:16]} 12. Bd3 {[%clk 0:02:21]}  Be7 {[%clk 0:01:58]} 13. Nge2 {[%clk 0:02:18]}  O-O {[%clk 0:01:57]} 14. f4 {[%clk 0:02:12]}  Ne4 {[%clk 0:01:44]} 15. Bxe4 {[%clk 0:02:07]}  dxe4 {[%clk 0:01:39]} 16. h4 {[%clk 0:01:55]}  Bxg4 {[%clk 0:01:11]} 17. h5 {[%clk 0:01:54]}  Bf3 {[%clk 0:01:03]} 18. Rh2 {[%clk 0:01:51]}  c5 {[%clk 0:00:38]} 19. hxg6 {[%clk 0:01:47]}  fxg6 {[%clk 0:00:38]} 20. d5 {[%clk 0:01:42]}  Rad8 {[%clk 0:00:32]} 21. Ng1 {[%clk 0:01:40]}  Bg4 {[%clk 0:00:27]} 22. Nxe4 {[%clk 0:01:30]}  Be6 {[%clk 0:00:19]} 23. Nc3 {[%clk 0:01:24]}  Bf6 {[%clk 0:00:16]} 24. Nge2 {[%clk 0:01:24]}  Rd7 {[%clk 0:00:09]} 25. e4 {[%clk 0:01:19]}  Bd4 {[%clk 0:00:06]} 26. O-O-O {[%clk 0:01:17]}  Bg4 {[%clk 0:00:05]} 27. Rdh1 {[%clk 0:01:08]}  h6 {[%clk 0:00:04]} 28. Bf2 {[%clk 0:01:00]}  Bxf2 {[%clk 0:00:02]} 29. Rxf2 {[%clk 0:00:59]}  Re8 {[%clk 0:00:02]} 30. Rg1 {[%clk 0:00:57]}  h5 {[%clk 0:00:01]} 31. Qe3 {[%clk 0:00:37]}  c4 {[%clk 0:00:02]} 32. Qxb6 {[%clk 0:00:36]}  axb6 {[%clk 0:00:03]} 33. Nd4 {[%clk 0:00:36]}  Red8 {[%clk 0:00:04]} 34. Ne6 {[%clk 0:00:31]}  Re8 {[%clk 0:00:05]} 35. f5 {[%clk 0:00:28]}  Rde7 {[%clk 0:00:06]} 36. fxg6 {[%clk 0:00:28]}  Rxe6 {[%clk 0:00:04]} 37. dxe6 {[%clk 0:00:27]}  Bxe6 {[%clk 0:00:04]} 38. Rg5 {[%clk 0:00:25]}  b5 {[%clk 0:00:04]} 39. Rxh5 {[%clk 0:00:25]}  b4 {[%clk 0:00:04]} 40. Rfh2 {[%clk 0:00:24]}  Kf8 {[%clk 0:00:04]} 41. Nd5 {[%clk 0:00:23]}  Bxd5 {[%clk 0:00:04]} 42. exd5 {[%clk 0:00:23]}  Re1+ {[%clk 0:00:04]} 43. Kd2 {[%clk 0:00:23]}  Rb1 {[%clk 0:00:04]} 44. Rf5+ {[%clk 0:00:23]}  Ke7 {[%clk 0:00:03]} 45. Ke3 {[%clk 0:00:23]}  Kd6 {[%clk 0:00:02]} 46. Kd4 {[%clk 0:00:23]}  Rc1 {[%clk 0:00:02]} 47. Rff2 {[%clk 0:00:21]}  c3 {[%clk 0:00:01]} 48. bxc3 {[%clk 0:00:21]}  bxc3 {[%clk 0:00:02]} 49. Rc2 {[%clk 0:00:21]}  Rd1+ {[%clk 0:00:00]} 50. Kxc3 {[%clk 0:00:21]} 1-0

[Event "April 9 Late 2024"]
[Site "Chess.com"]
[Date "2024.04.09"]
[Round "10"]
[White "Marino Bravo, Miguel Angel"]
[Black "Playa, Marcelo"]
[Result "1-0"]
[Board "107"]
[WhiteFideId "2208970"]
[BlackFideId "102202"]
[WhiteTitle "CM"]
[BlackTitle "IM"]
[WhiteElo "2180"]
[BlackElo "2328"]
[WhiteTeam "ESP"]
[BlackTeam "ARG"]
[WhiteClock "0:00:40"]
[BlackClock "0:00:00"]
[Variant "Standard"]

1. d4 {[%clk 0:02:54]}  e6 {[%clk 0:03:00]} 2. Bf4 {[%clk 0:02:54]}  Nf6 {[%clk 0:02:59]} 3. e3 {[%clk 0:02:54]}  d5 {[%clk 0:02:59]} 4. Nf3 {[%clk 0:02:54]}  c5 {[%clk 0:02:59]} 5. Nc3 {[%clk 0:02:53]}  Be7 {[%clk 0:02:55]} 6. Nb5 {[%clk 0:02:53]}  Na6 {[%clk 0:02:53]} 7. c3 {[%clk 0:02:53]}  O-O {[%clk 0:02:52]} 8. h3 {[%clk 0:02:50]}  Bd7 {[%clk 0:02:51]} 9. a4 {[%clk 0:02:49]}  cxd4 {[%clk 0:02:50]} 10. exd4 {[%clk 0:02:46]}  Ne4 {[%clk 0:02:41]} 11. Bd3 {[%clk 0:02:44]}  f6 {[%clk 0:02:04]} 12. O-O {[%clk 0:02:42]}  Bc6 {[%clk 0:02:00]} 13. Re1 {[%clk 0:02:41]}  Qd7 {[%clk 0:01:56]} 14. Qe2 {[%clk 0:02:40]}  Rfe8 {[%clk 0:01:51]} 15. Rad1 {[%clk 0:02:28]}  Bf8 {[%clk 0:01:48]} 16. Nd2 {[%clk 0:02:27]}  Nd6 {[%clk 0:01:30]} 17. Nxd6 {[%clk 0:02:22]}  Bxd6 {[%clk 0:01:19]} 18. Bxd6 {[%clk 0:02:21]}  Qxd6 {[%clk 0:01:19]} 19. Bxa6 {[%clk 0:02:20]}  bxa6 {[%clk 0:01:18]} 20. Qxa6 {[%clk 0:02:19]}  Qd7 {[%clk 0:01:10]} 21. b3 {[%clk 0:02:17]}  Reb8 {[%clk 0:01:06]} 22. Rb1 {[%clk 0:02:11]}  Rb6 {[%clk 0:01:01]} 23. Qe2 {[%clk 0:02:10]}  Bb7 {[%clk 0:00:57]} 24. a5 {[%clk 0:01:59]}  Rd6 {[%clk 0:00:55]} 25. b4 {[%clk 0:01:56]}  Rc8 {[%clk 0:00:52]} 26. Qe3 {[%clk 0:01:53]}  Ba6 {[%clk 0:00:50]} 27. Nb3 {[%clk 0:01:52]}  Bc4 {[%clk 0:00:34]} 28. Nc5 {[%clk 0:01:53]}  Qf7 {[%clk 0:00:28]} 29. Nxe6 {[%clk 0:01:37]}  Re8 {[%clk 0:00:26]} 30. Ng5 {[%clk 0:01:37]}  Rxe3 {[%clk 0:00:24]} 31. Nxf7 {[%clk 0:01:31]}  Rxe1+ {[%clk 0:00:22]} 32. Rxe1 {[%clk 0:01:31]}  Kxf7 {[%clk 0:00:22]} 33. f4 {[%clk 0:01:27]}  Re6 {[%clk 0:00:20]} 34. Rb1 {[%clk 0:01:19]}  a6 {[%clk 0:00:20]} 35. Rc1 {[%clk 0:01:07]}  Re2 {[%clk 0:00:18]} 36. Kh2 {[%clk 0:01:07]}  Ke6 {[%clk 0:00:17]} 37. Kg3 {[%clk 0:01:07]}  Kf5 {[%clk 0:00:17]} 38. Kf3 {[%clk 0:01:07]}  Rd2 {[%clk 0:00:16]} 39. g4+ {[%clk 0:01:06]}  Ke6 {[%clk 0:00:15]} 40. Re1+ {[%clk 0:01:06]}  Kd7 {[%clk 0:00:15]} 41. f5 {[%clk 0:01:01]}  Rd3+ {[%clk 0:00:14]} 42. Re3 {[%clk 0:00:59]}  Rxe3+ {[%clk 0:00:13]} 43. Kxe3 {[%clk 0:01:00]}  Bf1 {[%clk 0:00:13]} 44. h4 {[%clk 0:01:00]}  Kd6 {[%clk 0:00:11]} 45. Kf4 {[%clk 0:00:59]}  Bd3 {[%clk 0:00:10]} 46. g5 {[%clk 0:00:59]}  h6 {[%clk 0:00:09]} 47. gxh6 {[%clk 0:00:56]}  gxh6 {[%clk 0:00:08]} 48. Kg4 {[%clk 0:00:56]}  Be2+ {[%clk 0:00:08]} 49. Kf4 {[%clk 0:00:56]}  Ke7 {[%clk 0:00:08]} 50. Ke3 {[%clk 0:00:53]}  Bc4 {[%clk 0:00:07]} 51. Kf3 {[%clk 0:00:52]}  Kf7 {[%clk 0:00:06]} 52. Kg4 {[%clk 0:00:52]}  Kg7 {[%clk 0:00:06]} 53. Kf4 {[%clk 0:00:51]}  h5 {[%clk 0:00:05]} 54. Kf3 {[%clk 0:00:50]}  Kh6 {[%clk 0:00:04]} 55. Ke3 {[%clk 0:00:50]}  Bb5 {[%clk 0:00:03]} 56. Kf3 {[%clk 0:00:50]}  Ba4 {[%clk 0:00:03]} 57. Ke3 {[%clk 0:00:50]}  Bc2 {[%clk 0:00:02]} 58. Kf4 {[%clk 0:00:50]}  Bd3 {[%clk 0:00:02]} 59. Kf3 {[%clk 0:00:39]}  Bxf5 {[%clk 0:00:02]} 60. b5 {[%clk 0:00:39]}  axb5 {[%clk 0:00:02]} 61. a6 {[%clk 0:00:39]}  Bc8 {[%clk 0:00:02]} 62. a7 {[%clk 0:00:39]}  Bb7 {[%clk 0:00:02]} 63. Kf4 {[%clk 0:00:39]}  Kg6 {[%clk 0:00:03]} 64. Kf3 {[%clk 0:00:39]}  f5 {[%clk 0:00:03]} 65. Kf4 {[%clk 0:00:39]}  Kf6 {[%clk 0:00:03]} 66. Kf3 {[%clk 0:00:39]}  Ke6 {[%clk 0:00:02]} 67. Kf4 {[%clk 0:00:40]}  Kd6 {[%clk 0:00:02]} 68. Kxf5 {[%clk 0:00:40]}  Kc7 {[%clk 0:00:02]} 69. Kg5 {[%clk 0:00:41]}  Kb6 {[%clk 0:00:02]} 70. Kxh5 {[%clk 0:00:41]}  Kxa7 {[%clk 0:00:00]} 71. Kg5 {[%clk 0:00:40]} 1-0

[Event "April 9 Late 2024"]
[Site "Chess.com"]
[Date "2024.04.09"]
[Round "10"]
[White "Ramirez Madrid, Gerardo Alfonso"]
[Black "Coe, William"]
[Result "1-0"]
[Board "108"]
[WhiteFideId "6505945"]
[BlackFideId "30913624"]
[WhiteTitle "FM"]
[WhiteElo "2242"]
[BlackElo "2179"]
[WhiteTeam "CRC"]
[BlackTeam "USA"]
[WhiteClock "0:00:01"]
[BlackClock "0:00:00"]
[Variant "Standard"]

1. Nf3 {[%clk 0:03:00]}  c5 {[%clk 0:02:59]} 2. c4 {[%clk 0:03:00]}  g6 {[%clk 0:02:59]} 3. Nc3 {[%clk 0:02:59]}  Bg7 {[%clk 0:03:00]} 4. e3 {[%clk 0:02:59]}  d6 {[%clk 0:03:00]} 5. d4 {[%clk 0:02:58]}  cxd4 {[%clk 0:02:59]} 6. exd4 {[%clk 0:02:58]}  Nf6 {[%clk 0:02:59]} 7. d5 {[%clk 0:02:55]}  O-O {[%clk 0:02:59]} 8. h3 {[%clk 0:02:55]}  Nbd7 {[%clk 0:02:58]} 9. Be2 {[%clk 0:02:55]}  a6 {[%clk 0:02:58]} 10. O-O {[%clk 0:02:53]}  Re8 {[%clk 0:02:52]} 11. Be3 {[%clk 0:02:53]}  b6 {[%clk 0:02:47]} 12. Qd2 {[%clk 0:02:43]}  Bb7 {[%clk 0:02:46]} 13. Rae1 {[%clk 0:02:42]}  e5 {[%clk 0:02:34]} 14. dxe6 {[%clk 0:02:37]}  Rxe6 {[%clk 0:02:34]} 15. Nd4 {[%clk 0:02:34]}  Re8 {[%clk 0:02:27]} 16. Bf3 {[%clk 0:02:32]}  Bxf3 {[%clk 0:02:25]} 17. Nxf3 {[%clk 0:02:31]}  Ne5 {[%clk 0:02:25]} 18. Nxe5 {[%clk 0:02:29]}  dxe5 {[%clk 0:02:24]} 19. Qxd8 {[%clk 0:02:29]}  Raxd8 {[%clk 0:02:13]} 20. Bxb6 {[%clk 0:02:29]}  Rb8 {[%clk 0:02:12]} 21. c5 {[%clk 0:02:28]}  Nd7 {[%clk 0:02:12]} 22. Nd5 {[%clk 0:02:22]}  Bf8 {[%clk 0:02:08]} 23. b4 {[%clk 0:02:22]}  Kg7 {[%clk 0:01:58]} 24. Rc1 {[%clk 0:02:15]}  f6 {[%clk 0:01:55]} 25. Ba5 {[%clk 0:02:14]}  Rbc8 {[%clk 0:01:38]} 26. c6 {[%clk 0:01:52]}  Nb8 {[%clk 0:01:34]} 27. c7 {[%clk 0:01:41]}  Nd7 {[%clk 0:01:30]} 28. Rfd1 {[%clk 0:01:40]}  Kf7 {[%clk 0:01:22]} 29. Rc6 {[%clk 0:01:33]}  Re6 {[%clk 0:01:12]} 30. Rxe6 {[%clk 0:01:15]}  Kxe6 {[%clk 0:01:13]} 31. Nc3 {[%clk 0:01:03]}  Bd6 {[%clk 0:01:09]} 32. Nd5 {[%clk 0:01:02]}  f5 {[%clk 0:01:03]} 33. g4 {[%clk 0:00:56]}  Bf8 {[%clk 0:01:01]} 34. Ne3 {[%clk 0:00:47]}  Bd6 {[%clk 0:00:59]} 35. Rc1 {[%clk 0:00:47]}  f4 {[%clk 0:00:46]} 36. Nd1 {[%clk 0:00:41]}  e4 {[%clk 0:00:40]} 37. Nb2 {[%clk 0:00:40]}  Be5 {[%clk 0:00:35]} 38. Na4 {[%clk 0:00:38]}  Bd4 {[%clk 0:00:30]} 39. Kf1 {[%clk 0:00:33]}  e3 {[%clk 0:00:29]} 40. fxe3 {[%clk 0:00:32]}  Bxe3 {[%clk 0:00:27]} 41. Rc6+ {[%clk 0:00:32]}  Kd5 {[%clk 0:00:23]} 42. Rxa6 {[%clk 0:00:31]}  Ne5 {[%clk 0:00:20]} 43. Nb6+ {[%clk 0:00:30]}  Bxb6 {[%clk 0:00:18]} 44. Bxb6 {[%clk 0:00:30]}  Kc6 {[%clk 0:00:14]} 45. Ba5+ {[%clk 0:00:30]}  Kb7 {[%clk 0:00:13]} 46. Rb6+ {[%clk 0:00:21]}  Ka7 {[%clk 0:00:13]} 47. Rd6 {[%clk 0:00:14]}  Nc4 {[%clk 0:00:12]} 48. Rd8 {[%clk 0:00:13]}  Kb7 {[%clk 0:00:11]} 49. Rxc8 {[%clk 0:00:12]}  Kxc8 {[%clk 0:00:11]} 50. Kf2 {[%clk 0:00:12]}  g5 {[%clk 0:00:10]} 51. a4 {[%clk 0:00:08]}  Nb2 {[%clk 0:00:09]} 52. Kf3 {[%clk 0:00:07]}  Nxa4 {[%clk 0:00:08]} 53. b5 {[%clk 0:00:07]}  Nc5 {[%clk 0:00:06]} 54. h4 {[%clk 0:00:04]}  h6 {[%clk 0:00:05]} 55. hxg5 {[%clk 0:00:04]}  hxg5 {[%clk 0:00:06]} 56. Bb4 {[%clk 0:00:03]}  Ne6 {[%clk 0:00:06]} 57. Bd6 {[%clk 0:00:03]}  Kb7 {[%clk 0:00:00]} 58. Be5 {[%clk 0:00:01]} 1-0

[Event "April 9 Late 2024"]
[Site "Chess.com"]
[Date "2024.04.09"]
[Round "10"]
[White "Reinecke, Katharina"]
[Black "Burke, Paul"]
[Result "1/2-1/2"]
[Board "113"]
[WhiteFideId "12929727"]
[BlackFideId "2605767"]
[WhiteTitle "WCM"]
[WhiteElo "2015"]
[BlackElo "1973"]
[WhiteTeam "GER"]
[BlackTeam "CAN"]
[WhiteClock "0:00:09"]
[BlackClock "0:00:06"]
[Variant "Standard"]

1. e4 {[%clk 0:03:00]}  e5 {[%clk 0:02:59]} 2. Nc3 {[%clk 0:02:59]}  Nc6 {[%clk 0:02:59]} 3. Bc4 {[%clk 0:02:58]}  Be7 {[%clk 0:02:59]} 4. Nge2 {[%clk 0:02:54]}  Nf6 {[%clk 0:02:59]} 5. d3 {[%clk 0:02:54]}  O-O {[%clk 0:02:59]} 6. O-O {[%clk 0:02:54]}  a6 {[%clk 0:02:59]} 7. a4 {[%clk 0:02:53]}  Bc5 {[%clk 0:02:56]} 8. Kh1 {[%clk 0:02:53]}  h6 {[%clk 0:02:54]} 9. f4 {[%clk 0:02:52]}  d6 {[%clk 0:02:54]} 10. f5 {[%clk 0:02:48]}  Ng4 {[%clk 0:02:47]} 11. d4 {[%clk 0:02:35]}  Qh4 {[%clk 0:02:41]} 12. h3 {[%clk 0:02:26]}  Nxd4 {[%clk 0:02:25]} 13. Nxd4 {[%clk 0:02:23]}  exd4 {[%clk 0:02:11]} 14. Qxg4 {[%clk 0:02:12]}  Qxg4 {[%clk 0:02:10]} 15. hxg4 {[%clk 0:02:12]}  dxc3 {[%clk 0:02:10]} 16. bxc3 {[%clk 0:02:01]}  Bd7 {[%clk 0:02:09]} 17. Bb3 {[%clk 0:01:58]}  b5 {[%clk 0:02:04]} 18. axb5 {[%clk 0:01:56]}  axb5 {[%clk 0:02:03]} 19. Bf4 {[%clk 0:01:53]}  Bc6 {[%clk 0:01:57]} 20. Rxa8 {[%clk 0:01:46]}  Bxa8 {[%clk 0:01:50]} 21. Bd5 {[%clk 0:01:39]}  Bxd5 {[%clk 0:01:37]} 22. exd5 {[%clk 0:01:39]}  Re8 {[%clk 0:01:37]} 23. g5 {[%clk 0:01:25]}  hxg5 {[%clk 0:01:31]} 24. Bxg5 {[%clk 0:01:25]}  Re2 {[%clk 0:01:31]} 25. Bd8 {[%clk 0:01:17]}  Bb6 {[%clk 0:01:24]} 26. g4 {[%clk 0:00:45]}  Rxc2 {[%clk 0:01:21]} 27. g5 {[%clk 0:00:38]}  Rxc3 {[%clk 0:01:08]} 28. g6 {[%clk 0:00:37]}  Rd3 {[%clk 0:00:51]} 29. Re1 {[%clk 0:00:32]}  Re3 {[%clk 0:00:46]} 30. Rxe3 {[%clk 0:00:29]}  Bxe3 {[%clk 0:00:44]} 31. Bxc7 {[%clk 0:00:29]}  Bc5 {[%clk 0:00:43]} 32. Kg2 {[%clk 0:00:26]}  fxg6 {[%clk 0:00:43]} 33. fxg6 {[%clk 0:00:26]}  Kf8 {[%clk 0:00:43]} 34. Bd8 {[%clk 0:00:18]}  Ke8 {[%clk 0:00:32]} 35. Bg5 {[%clk 0:00:18]}  Bd4 {[%clk 0:00:27]} 36. Kf3 {[%clk 0:00:17]}  Kd7 {[%clk 0:00:21]} 37. Ke2 {[%clk 0:00:15]}  Kc7 {[%clk 0:00:19]} 38. Kd3 {[%clk 0:00:15]}  Be5 {[%clk 0:00:18]} 39. Bd2 {[%clk 0:00:12]}  Kb6 {[%clk 0:00:17]} 40. Bb4 {[%clk 0:00:11]}  Kc7 {[%clk 0:00:12]} 41. Ke4 {[%clk 0:00:10]}  Kd7 {[%clk 0:00:08]} 42. Kf5 {[%clk 0:00:10]}  Ke7 {[%clk 0:00:07]} 43. Bd2 {[%clk 0:00:09]}  Kd7 {[%clk 0:00:06]} 44. Bb4 {[%clk 0:00:09]}  Ke7 {[%clk 0:00:06]} 45. Bd2 {[%clk 0:00:09]}  Kd7 {[%clk 0:00:06]} 46. Bb4 {[%clk 0:00:09]} 1/2-1/2

[Event "April 9 Late 2024"]
[Site "Chess.com"]
[Date "2024.04.09"]
[Round "10"]
[White "Filgueira, Hernan"]
[Black "Oliveira, Tiago Batista"]
[Result "1-0"]
[Board "114"]
[WhiteFideId "101770"]
[BlackFideId "2108291"]
[WhiteTitle "IM"]
[WhiteElo "2531"]
[BlackElo "2031"]
[WhiteTeam "ARG"]
[BlackTeam "BRA"]
[WhiteClock "0:00:06"]
[BlackClock "0:00:00"]
[Variant "Standard"]

1. e4 {[%clk 0:03:00]}  e5 {[%clk 0:02:58]} 2. Nf3 {[%clk 0:02:59]}  Nc6 {[%clk 0:02:58]} 3. d4 {[%clk 0:02:59]}  exd4 {[%clk 0:02:58]} 4. Bc4 {[%clk 0:03:00]}  Bc5 {[%clk 0:02:52]} 5. c3 {[%clk 0:02:59]}  Nf6 {[%clk 0:02:50]} 6. cxd4 {[%clk 0:02:59]}  Bb4+ {[%clk 0:02:50]} 7. Bd2 {[%clk 0:02:59]}  Bxd2+ {[%clk 0:02:48]} 8. Nbxd2 {[%clk 0:02:59]}  d5 {[%clk 0:02:47]} 9. exd5 {[%clk 0:02:59]}  Nxd5 {[%clk 0:02:48]} 10. O-O {[%clk 0:03:00]}  O-O {[%clk 0:02:47]} 11. Rc1 {[%clk 0:03:00]}  Bg4 {[%clk 0:02:39]} 12. h3 {[%clk 0:02:38]}  Bh5 {[%clk 0:02:12]} 13. Bxd5 {[%clk 0:02:05]}  Qxd5 {[%clk 0:02:13]} 14. Rc5 {[%clk 0:02:05]}  Bxf3 {[%clk 0:02:13]} 15. Nxf3 {[%clk 0:02:05]}  Qxa2 {[%clk 0:01:54]} 16. Qc1 {[%clk 0:01:54]}  Rad8 {[%clk 0:01:48]} 17. Rd1 {[%clk 0:01:53]}  Rd5 {[%clk 0:01:39]} 18. Rc3 {[%clk 0:01:43]}  Rd7 {[%clk 0:01:02]} 19. Rcd3 {[%clk 0:01:16]}  Rfd8 {[%clk 0:00:57]} 20. Qd2 {[%clk 0:01:07]}  Qd5 {[%clk 0:00:50]} 21. Qf4 {[%clk 0:01:06]}  h6 {[%clk 0:00:48]} 22. R3d2 {[%clk 0:01:00]}  Rd6 {[%clk 0:00:36]} 23. Kh1 {[%clk 0:00:54]}  Re8 {[%clk 0:00:13]} 24. Kg1 {[%clk 0:00:32]}  Rg6 {[%clk 0:00:10]} 25. Rd3 {[%clk 0:00:18]}  Ree6 {[%clk 0:00:07]} 26. Qxc7 {[%clk 0:00:14]}  Ref6 {[%clk 0:00:06]} 27. Kf1 {[%clk 0:00:09]}  Nb4 {[%clk 0:00:06]} 28. Qc8+ {[%clk 0:00:08]}  Kh7 {[%clk 0:00:06]} 29. Rc3 {[%clk 0:00:08]}  Qb5+ {[%clk 0:00:06]} 30. Qc4 {[%clk 0:00:08]}  Qf5 {[%clk 0:00:02]} 31. Qxb4 {[%clk 0:00:06]}  b6 {[%clk 0:00:00]} 32. Qc4 {[%clk 0:00:06]} 1-0

[Event "April 9 Late 2024"]
[Site "Chess.com"]
[Date "2024.04.09"]
[Round "10"]
[White "Vargas, Mauricio"]
[Black "Kovacevic, Radmila"]
[Result "0-1"]
[Board "116"]
[WhiteFideId "4404572"]
[BlackFideId "933171"]
[WhiteTitle "FM"]
[BlackTitle "WFM"]
[WhiteElo "1891"]
[BlackElo "2119"]
[WhiteTeam "COL"]
[BlackTeam "SRB"]
[WhiteClock "0:00:17"]
[BlackClock "0:02:25"]
[Variant "Standard"]

1. e4 {[%clk 0:01:48]}  e5 {[%clk 0:03:00]} 2. Nc3 {[%clk 0:01:46]}  d5 {[%clk 0:03:01]} 3. exd5 {[%clk 0:01:45]}  Nf6 {[%clk 0:03:00]} 4. Bc4 {[%clk 0:01:44]}  c6 {[%clk 0:02:59]} 5. dxc6 {[%clk 0:01:42]}  Bc5 {[%clk 0:02:59]} 6. d3 {[%clk 0:01:31]}  O-O {[%clk 0:02:55]} 7. Nf3 {[%clk 0:01:21]}  Nxc6 {[%clk 0:02:52]} 8. O-O {[%clk 0:01:20]}  Bg4 {[%clk 0:02:52]} 9. Be3 {[%clk 0:01:16]}  Bd4 {[%clk 0:02:41]} 10. h3 {[%clk 0:01:06]}  Bh5 {[%clk 0:02:41]} 11. g4 {[%clk 0:01:06]}  Bxc3 {[%clk 0:02:37]} 12. bxc3 {[%clk 0:01:06]}  Nxg4 {[%clk 0:02:36]} 13. hxg4 {[%clk 0:01:04]}  Bxg4 {[%clk 0:02:37]} 14. Kg2 {[%clk 0:01:00]}  Qf6 {[%clk 0:02:32]} 15. d4 {[%clk 0:00:46]}  e4 {[%clk 0:02:31]} 16. d5 {[%clk 0:00:32]}  Bxf3+ {[%clk 0:02:29]} 17. Kg3 {[%clk 0:00:20]}  Qg6+ {[%clk 0:02:27]} 18. Kf4 {[%clk 0:00:17]}  Qg4# {[%clk 0:02:25]} 0-1

[Event "April 9 Late 2024"]
[Site "Chess.com"]
[Date "2024.04.09"]
[Round "11"]
[White "Ramil Faizrakhmanov"]
[Black "Ticona Rocabado, Licael Roderick"]
[Result "1/2-1/2"]
[Board "18"]
[WhiteFideId "24103209"]
[BlackFideId "3319113"]
[WhiteTitle "IM"]
[BlackTitle "IM"]
[WhiteElo "2881"]
[BlackElo "2658"]
[WhiteTeam "RUS"]
[BlackTeam "BOL"]
[WhiteClock "0:00:12"]
[BlackClock "0:00:05"]
[Variant "Standard"]

1. e4 {[%clk 0:03:00]}  e6 {[%clk 0:02:59]} 2. d4 {[%clk 0:03:00]}  d5 {[%clk 0:02:57]} 3. e5 {[%clk 0:03:00]}  c5 {[%clk 0:02:57]} 4. c3 {[%clk 0:03:01]}  Qb6 {[%clk 0:02:56]} 5. Nf3 {[%clk 0:03:01]}  Nc6 {[%clk 0:02:53]} 6. a3 {[%clk 0:03:01]}  Nh6 {[%clk 0:02:54]} 7. Bd3 {[%clk 0:02:53]}  cxd4 {[%clk 0:02:52]} 8. cxd4 {[%clk 0:02:53]}  Nf5 {[%clk 0:02:52]} 9. Bxf5 {[%clk 0:02:43]}  exf5 {[%clk 0:02:52]} 10. Nc3 {[%clk 0:02:43]}  Be6 {[%clk 0:02:53]} 11. O-O {[%clk 0:02:41]}  Be7 {[%clk 0:02:52]} 12. b4 {[%clk 0:02:40]}  O-O {[%clk 0:02:46]} 13. Be3 {[%clk 0:02:33]}  Rac8 {[%clk 0:02:41]} 14. Rc1 {[%clk 0:02:20]}  Qd8 {[%clk 0:02:37]} 15. Qd3 {[%clk 0:02:06]}  Qd7 {[%clk 0:02:33]} 16. Bg5 {[%clk 0:02:02]}  Bxg5 {[%clk 0:02:25]} 17. Nxg5 {[%clk 0:02:03]}  a6 {[%clk 0:02:17]} 18. Rc2 {[%clk 0:01:56]}  h6 {[%clk 0:02:04]} 19. Nxe6 {[%clk 0:01:55]}  fxe6 {[%clk 0:02:05]} 20. Rfc1 {[%clk 0:01:53]}  Ne7 {[%clk 0:01:53]} 21. Ne2 {[%clk 0:01:50]}  Rxc2 {[%clk 0:01:50]} 22. Rxc2 {[%clk 0:01:51]}  Rc8 {[%clk 0:01:49]} 23. Rc5 {[%clk 0:01:46]}  b6 {[%clk 0:01:46]} 24. Rxc8+ {[%clk 0:01:44]}  Qxc8 {[%clk 0:01:47]} 25. h4 {[%clk 0:01:43]}  Qc4 {[%clk 0:01:46]} 26. Qe3 {[%clk 0:01:36]}  Kf7 {[%clk 0:01:42]} 27. Nf4 {[%clk 0:01:20]}  Qc2 {[%clk 0:01:24]} 28. h5 {[%clk 0:01:00]}  Qe4 {[%clk 0:00:51]} 29. g3 {[%clk 0:00:49]}  Qxe3 {[%clk 0:00:46]} 30. fxe3 {[%clk 0:00:50]}  b5 {[%clk 0:00:46]} 31. Nd3 {[%clk 0:00:49]}  Nc8 {[%clk 0:00:34]} 32. Nc5 {[%clk 0:00:49]}  Nb6 {[%clk 0:00:34]} 33. Nxa6 {[%clk 0:00:45]}  Nc4 {[%clk 0:00:35]} 34. Nc7 {[%clk 0:00:41]}  Nxa3 {[%clk 0:00:33]} 35. Kf2 {[%clk 0:00:40]}  Ke7 {[%clk 0:00:32]} 36. Kf3 {[%clk 0:00:35]}  Kd7 {[%clk 0:00:31]} 37. Na6 {[%clk 0:00:34]}  Nc4 {[%clk 0:00:29]} 38. Kf4 {[%clk 0:00:32]}  Nd2 {[%clk 0:00:28]} 39. Nc5+ {[%clk 0:00:26]}  Ke7 {[%clk 0:00:28]} 40. g4 {[%clk 0:00:24]}  fxg4 {[%clk 0:00:18]} 41. Kxg4 {[%clk 0:00:25]}  Nc4 {[%clk 0:00:17]} 42. Kf4 {[%clk 0:00:24]}  Na3 {[%clk 0:00:17]} 43. Nd3 {[%clk 0:00:15]}  Nc2 {[%clk 0:00:14]} 44. Kf3 {[%clk 0:00:15]}  Kf7 {[%clk 0:00:14]} 45. Ke2 {[%clk 0:00:15]}  g6 {[%clk 0:00:11]} 46. Kd2 {[%clk 0:00:14]}  Na3 {[%clk 0:00:11]} 47. Nf4 {[%clk 0:00:13]}  Nc4+ {[%clk 0:00:11]} 48. Kd3 {[%clk 0:00:13]}  gxh5 {[%clk 0:00:11]} 49. Nxh5 {[%clk 0:00:13]}  Kg6 {[%clk 0:00:12]} 50. Ng3 {[%clk 0:00:13]}  h5 {[%clk 0:00:11]} 51. e4 {[%clk 0:00:13]}  h4 {[%clk 0:00:11]} 52. Ne2 {[%clk 0:00:13]}  dxe4+ {[%clk 0:00:10]} 53. Kxe4 {[%clk 0:00:13]}  Nb6 {[%clk 0:00:07]} 54. Nf4+ {[%clk 0:00:13]}  Kf7 {[%clk 0:00:07]} 55. Kf3 {[%clk 0:00:13]}  Nc4 {[%clk 0:00:05]} 56. Kg4 {[%clk 0:00:12]}  Ne3+ {[%clk 0:00:05]} 57. Kxh4 {[%clk 0:00:12]}  Nc2 {[%clk 0:00:05]} 58. d5 {[%clk 0:00:12]}  exd5 {[%clk 0:00:03]} 59. Nxd5 {[%clk 0:00:13]}  Ke6 {[%clk 0:00:03]} 60. Nc7+ {[%clk 0:00:11]}  Kxe5 {[%clk 0:00:04]} 61. Nxb5 {[%clk 0:00:12]}  Nxb4 {[%clk 0:00:05]} 1/2-1/2